Chinese art. / (Record no. 76991)
[ view plain ]
| 000 -LEADER | |
|---|---|
| fixed length control field | 00966nam a2200361Ii 4500 |
| 001 - CONTROL NUMBER | |
| control field | 76991 |
| 003 - CONTROL NUMBER IDENTIFIER | |
| rucl marc code | BD-RjUL |
| 005 - DATE AND TIME OF LATEST TRANSACTION | |
| control field | 20211209082919.0 |
| 008 - FIXED-LENGTH DATA ELEMENTS--GENERAL INFORMATION | |
| fixed length control field | 200213s1961 nyua 000 0 eng |
| 020 ## - INTERNATIONAL STANDARD BOOK NUMBER | |
| International Standard Book Number | 0824024249 |
| 035 ## - SYSTEM CONTROL NUMBER | |
| System control number | MITb10033530 |
| System control number | (OCoLC)02801606 |
| System control number | GLIS00033530 |
| 040 ## - CATALOGING SOURCE | |
| Original cataloging agency | DLC |
| Transcribing agency | GAT |
| Modifying agency | MYG |
| Language of cataloging | eng |
| 041 ## - LANGUAGE CODE | |
| Language code of text/sound track or separate title | eng |
| 049 ## - LOCAL HOLDINGS (OCLC) | |
| Holding library | MYGR |
| Copy statement | [793686] |
| 099 ## - LOCAL FREE-TEXT CALL NUMBER (OCLC) | |
| Bangla Class number | N5300.G32 v.14 |
| 100 ## - MAIN ENTRY--PERSONAL NAME | |
| Personal name | Keim, Jean A. |
| 9 (RLIN) | 239251 |
| 245 00 - TITLE STATEMENT | |
| Title | Chinese art. / |
| Statement of responsibility, etc. | Jean A. Keim |
| 260 ## - PUBLICATION, DISTRIBUTION, ETC. (IMPRINT) | |
| Place of publication, distribution, etc. | New York : |
| Name of publisher, distributor, etc. | Tudor pub. ., |
| Date of publication, distribution, etc. | 1961. |
| 300 ## - PHYSICAL DESCRIPTION | |
| Pagination | 15 p. : |
| Illustrations | ill. ; |
| Size | 15 cm. |
| 336 ## - CONTENT TYPE | |
| Content type term | text |
| Content type code | txt |
| Source | rdacontent |
| 337 ## - MEDIA TYPE | |
| Media type term | unmediated |
| Media type code | n |
| Source | rdamedia |
| 338 ## - CARRIER TYPE | |
| Carrier type term | volume |
| Carrier type code | nc |
| Source | rdacarrier |
| 504 ## - BIBLIOGRAPHY, ETC. NOTE | |
| Bibliography, etc | Includes bibliographical references. |
| 650 #0 - SUBJECT ADDED ENTRY--TOPICAL TERM | |
| Topical term or geographic name as entry element | Art, Chinese. |
| 9 (RLIN) | 239252 |
| 910 ## - USER-OPTION DATA (OCLC) | |
| User-option data | 793686LRC770405 |
| User-option data | 793686LRC770405 |
| User-option data | MARCIVEAUT |
| 942 ## - ADDED ENTRY ELEMENTS (KOHA) | |
| Source of classification or shelving scheme | Dewey Decimal Classification |
| Koha item type | Books |
| Lost status | Source of classification or shelving scheme | Damaged status | Not for loan | Collection code | Permanent Location | Current Location | Shelving location | Date acquired | Source of acquisition | Cost, normal purchase price | Total Checkouts | Full call number | Date last seen | Copy number | Koha item type |
|---|---|---|---|---|---|---|---|---|---|---|---|---|---|---|---|
| Dewey Decimal Classification | Non-fiction | Central Library, University of Rajshahi | Central Library, University of Rajshahi | 14/09/1964 | Zeitlinger | 11.00 | 709.51 KEI 1961 | 12/02/2020 | C-3 | Books | |||||
| Dewey Decimal Classification | Non-fiction | Central Library, University of Rajshahi | Central Library, University of Rajshahi | 14/09/1964 | Zeitlinger | 11.00 | 709.51 KEI 1961 | 12/02/2020 | C-4 | Books | |||||
| Dewey Decimal Classification | Non-fiction | Central Library, University of Rajshahi | Central Library, University of Rajshahi | 14/09/1964 | Zeitlinger | 11.00 | 709.51 KEI 1961 | 12/02/2020 | C-5 | Books | |||||
| Dewey Decimal Classification | Non-fiction | Central Library, University of Rajshahi | Central Library, University of Rajshahi | 14/09/1964 | Zeitlinger | 11.00 | 709.51 KEI 1961 | 12/02/2020 | C-6 | Books |